Wird geladen...
Geography and history: bridging the divide/
| 1. Verfasser: | |
|---|---|
| Format: | Printed Book |
| Veröffentlicht: |
Cambridge:
Cambridge University Press,
2003.
|
| Schlagworte: |
| LEADER | 00543nam a22001571a 4500 | ||
|---|---|---|---|
| 999 | |c 15850 |d 15850 | ||
| 020 | |a 9780521288859 | ||
| 082 | |a 911 |b ALA/G | ||
| 100 | |a Alan R H Baker | ||
| 245 | |a Geography and history: |b bridging the divide/ |c by Alan R H Baker | ||
| 260 | |a Cambridge: |b Cambridge University Press, |c 2003. | ||
| 300 | |a 279p. | ||
| 650 | |a Historical Geography | ||
| 650 | |a Geography | ||
| 942 | |c REF | ||
| 952 | |0 0 |1 0 |4 0 |6 R_911_000000000000000_ALA_G |7 0 |9 22425 |a SSUS |b SSUS |d 2015-01-08 |g 4222.75 |o R 911 ALA/G |p 046045 |r 2015-01-08 |v 0.00 |w 2015-01-08 |y REF | ||